000 00651nam a22002297a 4500
003 UA-OsUOA
001 80103
007 ta
008 20111129b un ||||| |||| 00| 0 ukr d
100 _aОнищенко І.Ю.
090 _a821.161.2
_bО-58
942 _cBK
040 _aUA-OsUOA
_bukr
_cUA-OsUOA
_dUA-OsUOA
245 _aУбивство "Інкорпорейтед"
_bполітичний роман
300 _a247 с.
955 _a2
041 _aukr
080 _a821.161.2
260 _aК.
_bРад. письменник
_c1984
650 7 _a82 Література. Літературознавство
_2UDC
999 _c366404
_d366404